Stop and think parenting /

The parenting road. Attitudes and impulses. Managing children's behaviour. Training children's social skills.

Guardat en:
Dades bibliogràfiques
Autor principal: Peterson, Lindy.
Format: Llibre
Idioma:English
Publicat: Hawthorn, Vic. : ACER, 15/02/1990.
Matèries:
Etiquetes: Afegir etiqueta
Sense etiquetes, Sigues el primer a etiquetar aquest registre!
Thư viện lưu trữ: Mạng thư viện Đại học Đà Nẵng
LEADER 00994cam a2200361 i 4500
001 000049629
003 9638
005 20051111144046.0
008 010406b1502 vm 000 eng
020 |a 0864311311 
040 |a IRC  |c IRC  |d IRC 
041 0 |a eng 
082 1 4 |a 649.64  |b PE-L 
100 1 |a Peterson, Lindy. 
245 0 0 |a Stop and think parenting /  |c Lindy Petersen. 
260 |a Hawthorn, Vic. :  |b ACER,  |c 15/02/1990. 
300 |a 83 p. :  |b ill. ;  |c 21.5cm. 
520 3 |a The parenting road. Attitudes and impulses. Managing children's behaviour. Training children's social skills. 
630 0 4 |a Child rearing. 
630 0 4 |a Parenting. 
650 0 4 |a Social skills in children. 
650 0 4 |a Parenting. 
650 0 4 |a Child rearing. 
OWN |a DUT 
999 |a From the UDN01 
TYP |a Monograph 
TYP |a Printed language 
980 |a Mạng thư viện Đại học Đà Nẵng